| 000 | 00712nam a22002297a 4500 | ||
|---|---|---|---|
| 999 |
_c22430 _d22430 |
||
| 003 | OSt | ||
| 005 | 20220613101558.0 | ||
| 008 | 180228s2017 pe 000 0 spa | ||
| 020 | _a9786124346293 | ||
| 040 | _cBiblioteca Municipal de Cusco | ||
| 082 |
_a869.57/R823A _bR823A |
||
| 100 |
_aRoncagliolo, Santiago _d1975- _948145 |
||
| 245 |
_aAbril rojo / _cSantiago Roncagliolo |
||
| 250 | _a1a ed. | ||
| 260 |
_aLima : _bDebolsillo, _c2018. |
||
| 300 |
_a333, [2] páginas. : _c19 cm. |
||
| 490 | _aContemporánea / Debolsillo | ||
| 650 |
_aNovelas peruanas _ySiglo XXI _947970 |
||
| 650 |
_aViolencia política _vNovelas _zPerú _948146 |
||
| 830 |
_aContemporánea (Debolsillo) _948082 |
||
| 942 |
_2ddc _cLIBROS |
||